000 00792nam a22001577a 4500
003 OSt
005 20150928150012.0
008 150928b xxu||||| |||| 00| 0 eng d
040 _cRUA
082 _aAGR SEM 2013 B056 Or.1
100 _91489
_aSEM VY
245 _aStudy on planting method and water produtivities for efficincy to grow maize in upper and souround rainfed lowland, (សិក្សាពីវិធីសាស្រ្តដំាដុះ និងប្រសិទ្ធភាពនៃការប្រើប្រាស់ទឹកសម្រាប់ការដំាដុះពោតនៅទីទួលទំនាបអាស្រ័យទឹកភ្លៀង)
260 _aphnom penh
_bRUA
_c2013
300 _axii, 50p.
_bill.
_c29cm.
942 _2ddc
_cAGR
999 _c1401
_d1401